00454 2200181 4500001002100000005001500021008004100036020002200077035001900099041000700118082001000125090001600135100001300151245003800164260003000202300002000232650002000252INLIS00000000001600720241224115037241224||||||||| | ||| |||| || |  a978-979-054-211-2 0010-1224016007 aid0 a611.7 a611.7 ANA n0 aAnandita00aMENJAGA KEBERSIHAN KUKU DAN KULIT aCiawi-BogorbQuadrac2010 a77hlm;17.5x25cm 0aIlmu Kedokteran